Tiro federal : el relato de su historia en la memoria de sus vecinos /

Guardado en:
Autor Principal: Cernadas, Mabel
Otros Autores: Marcelese, José, Suárez, Alejandro
Formato: Libro
Publicado: Bahía Blanca : Uns, 2008
Materias:
Etiquetas: Agregar Etiqueta
Sin Etiquetas, Sea el primero en etiquetar este registro!
LEADER 00697nam a22002175a 4500
001 CEM.cems013621
005 20120216100555.0
008 130507s2008##################000#0#####d
003 CEMS
020 |a 9789870551898 
082 0 4 |a 982.1 
100 1 |a Cernadas, Mabel 
245 1 0 |a Tiro federal :  |b el relato de su historia en la memoria de sus vecinos /  |c Mabel Cernadas, José Marcilese y Alejandro Suárez 
260 |a Bahía Blanca :  |b Uns,  |c 2008 
300 |a 98 p. 
653 |a Barrios bahienses 
653 |a Bahía blanca-historia 
653 |a Tiro federal-barrio 
700 1 |a Marcelese, José 
700 1 |a Suárez, Alejandro 
859 |a CEMS  |b BIB. CEMS - 11 de abril  |h 982.1  |i C335-2  |p 26257.11  |t Ej.1